000 00859nam a22002177a 4500
999 _c15957
_d15957
003 AR-CdUCM
008 190430b ||||| |||| 00| 0 spa d
040 _aMUNICIPALIDAD PROVINCIAL DEL CUSCO
_cBIBLIOTECA MUNICIPAL DEL CUSCO
082 _a301.20 /
_bM65
100 _aMills, C. Wright
_91996
245 _aDe hombres sociales y movimientos políticos /
260 _aMéxico, D.F :
_bSiglo XXI Editores,
_c1960.
300 _a321 paginas ;
_c19 cm.
505 _aContenido :Sociología política y política sociológica -- Los ideales y los intelectuales --Los científicos sociales y la ciencia social /
650 _aSocialización política
_935212
650 _aPolítica sociológica
_935213
650 _aCientíficos sociales
_935214
700 _aTorner, Florentino M, (traducción)
_94568
942 _2ddc
_cLIBROS
945 _arjall
_d2019-04-30